[Event "IND-ch U13"]
[Site "Gujarath"]
[Date "2016.07.30"]
[Round "11"]
[White "Sankalp, Gupta"]
[Black "Aditya, Basu"]
[Result "1/2-1/2"]
[WhiteElo "1990"]
[BlackElo "2080"]
[PlyCount "65"]
[EventDate "2016.07.22"]
[EventType "swiss"]
[EventRounds "11"]
[EventCountry "IND"]
[SourceTitle "EXT 2017"]
[Source "ChessBase"]
[SourceDate "2016.10.25"]
[SourceVersion "1"]
[SourceVersionDate "2016.10.25"]
[SourceQuality "1"]

1. e4 d6 2. d4 Nf6 3. Nc3 g6 4. Nf3 Bg7 5. Be2 0-0 6. 0-0 Na6 7. h3 c5 8. d5 Nc7 9. a4 Rb8 10. Bc4 Nd7 11. Bf4 a6 12. Qd3 Nb6 13. Bb3 Nd7 14. a5 b5 15. axb6 Nxb6 16. Qe3 Nb5 17. Bh6 c4 18. Bxg7 Kxg7 19. Ba4 Bd7 20. Nd4 Nxa4 21. Rxa4 Qb6 22. Ncxb5 axb5 23. Ra7 Rb7 24. Rfa1 Kg8 25. Nf5 Bxf5 26. Qxb6 Rxb6 27. exf5 Re8 28. fxg6 hxg6 29. Rd7 Kg7 30. Raa7 Kf6 31. f4 Rbb8 32. Kf2 Rbc8 33. Kf3 1/2-1/2

[Event "IND-ch U11"]
[Site "Odisha"]
[Date "2014.08.01"]
[Round "11"]
[White "Panda, Sambit"]
[Black "Aditya, Basu"]
[Result "1/2-1/2"]
[WhiteElo "1583"]
[BlackElo "1783"]
[PlyCount "140"]
[EventDate "2014.07.24"]
[EventType "swiss"]
[EventRounds "11"]
[EventCountry "IND"]
[SourceTitle "CBM 161 Extra"]
[Source "ChessBase"]
[SourceDate "2014.08.29"]
[SourceVersion "1"]
[SourceVersionDate "2014.08.29"]
[SourceQuality "1"]

1. d4 Nf6 2. c4 g6 3. g3 Bg7 4. Bg2 0-0 5. Nf3 d6 6. 0-0 Nbd7 7. Nc3 e5 8. d5 a5 9. e4 Nc5 10. Qc2 Nfd7 11. Ne1 Nb6 12. Be3 Nxc4 13. Bxc5 dxc5 14. Na4 Nd6 15. Nxc5 b6 16. Ncd3 f5 17. f4 fxe4 18. Nxe5 Ba6 19. Rf2 e3 20. Rf3 Nf5 21. Qe4 Be2 22. Rxe3 Nxe3 23. Qxe3 Ba6 24. Rd1 Qd6 25. Bh3 Bc8 26. Bg2 Re8 27. N1d3 Bf5 28. Be4 Bxe4 29. Qxe4 Rad8 30. Qc4 Qxd5 31. Qxc7 Bxe5 32. fxe5 Rxe5 33. Nf2 Qxd1+ 34. Nxd1 Rxd1+ 35. Kf2 Rd2+ 36. Kf1 Rf5+ 37. Ke1 Rxh2 38. Qxb6 Kg7 39. Qc7+ Kh6 40. g4 Rff2 41. Qc1+ Kg7 42. Qc3+ Kf7 43. Qc7+ Kf6 44. Qd8+ Ke5 45. Qxa5+ Kf4 46. Qb4+ Kg3 47. Qd6+ Kxg4 48. Qd4+ Kf3 49. Qd5+ Kg3 50. Qd6+ Kg2 51. Qd5+ Rf3 52. Qg5+ Rg3 53. Qd5+ Kh3 54. Qd7+ Kg2 55. Qd5+ Kg1 56. Qd4+ Kh1 57. Qe4+ Kg1 58. Qd4+ Kh1 59. Qe4+ Kg1 60. Qf4 Rhg2 61. Qd4+ Kh2 62. Qh4+ Rh3 63. Qf4+ Kh1 64. Qe4 Rh5 65. a4 Rf5 66. Qh4+ Kg1 67. Qd4+ Kh1 68. Qh4+ Kg1 69. Qd4+ Kh1 70. Qh4+ Kg1 1/2-1/2